| 000 | 00364nam a2200145Ia 4500 | ||
|---|---|---|---|
| 008 | 230917s9999||||xx |||||||||||||| ||und|| | ||
| 040 |
_e124351 _aMAIN |
||
| 041 | _aEnglish | ||
| 082 | _a822.33 S15H | ||
| 100 | _aShakespeare, William | ||
| 245 | 0 | _aHistory of henry IV part one | |
| 260 |
_aNew York _bSignet Classic _c1998 |
||
| 300 | _a260p. p. | ||
| 942 | _cBK | ||
| 999 |
_c145464 _d145464 |
||